000 00871nam a2200241Ia 4500
003 GCL
005 20240530103207.0
008 140319s9999 xx 000 0 ara d
040 _aGCL /
_cGCL
082 0 4 _a327.2
_bد ت
100 1 _aنورالدين حاطوم
245 1 0 _aالتاريخ الدبلوماسى : تاريخ العالم من الحرب العالمية الثانية الى اليوم /
_cنورالدين حاطوم
260 _a[S.N] :
_bدار الفكر
490 _aالموسوعة التاريخية الحديثة
_v0
650 0 4 _aالعالم الثالث
650 0 4 _aالامم المتحدة
650 0 4 _aالتاريخ الدبلوماسى
650 0 4 _aالحرب العربية الاسرائيلية
650 0 4 _aاوربا
650 0 4 _aعصبة الامم
700 1 _aدروزيل، ج . ب
942 _2ddc
_cBK
999 _c37474
_d37474